Największe miasto nadmorskie w każdym Europejskim państwie - Statystyki

Ogólne statystyki
  • Ten quiz został rozwiązany 42 razy
  • Średni wynik to 18 z 30
Statystyki odpowiedzi
Państwo Miasto % Poprawnych
Polska Gdańsk
93%
Norwegia Oslo
83%
Estonia Tallinn
83%
Hiszpania Barcelona
79%
Dania Kopenhaga
79%
Portugalia Lizbona
79%
Francja Marsylia
79%
Monako Monako
79%
Włochy Neapol
79%
Ukraina Odessa
79%
Łotwa Ryga
79%
Szwecja Sztokholm
79%
Irlandia Dublin
76%
Islandia Reykjavík
76%
Holandia Haga
72%
Finlandia Helsinki
72%
Grecja Saloniki
72%
Chorwacja Split
66%
Malta Valletta
66%
Litwa Kłajpeda
55%
Bułgaria Warna
52%
Albania Durres
41%
Niemcy Kilonia
38%
Rosja Soczi
31%
Rumunia Konstanca
24%
Bośnia i Hercegowina Neum
21%
Słowenia Koper
17%
Czarnogóra Budva
7%
Wielka Brytania Bournemouth
3%
Belgia Ostenda
3%
Nie znaleziono quizów pasujących do podanych kryteriów
Rozkład punktacji
Procent ludzi z każdym wynikiem
Percentyl według liczby udzielonych odpowiedzi
Twoja historia wyników
Nie rozwiązałeś tego quizu